000 00511nam a2200193Ia 4500
003 OSt
005 20230912164239.0
008 210210b1996 xxu||||| |||| 00| 0 eng d
040 _cAL
082 _a510 SHET
100 _aSHERRA (John) & D'SILVA (John).
_9133495
245 _aText book of mathematics II PUC
260 _aMangalore
_bUnited publishers
_c1996
300 _a790
650 _aUnited publishers II PUC maths
_9133496
690 _aMathematics
_9133497
906 _a051287
942 _2ddc
_cBK
999 _c100037
_d100037